Tamássy György

Elmentve itt :
Bibliográfiai részletek
Dokumentumtípus: Cikk
Megjelent: 1934-11-06
Sorozat:Délmagyarország 10 No. 249
Kulcsszavak:Gyászjelentés Szeged 1934
Online Access:http://dmarchiv.bibl.u-szeged.hu/39841
LEADER 00399nab a2200145 i 4500
001 delm39841
005 20180927130037.0
008 180927s1934 hu o 0|| hun d
040 |a SZTE Délmagyarország Archívum  |b hun 
041 |a hun 
245 0 0 |a Tamássy György  |h [elektronikus dokumentum] 
260 |c 1934-11-06 
300 |a 4 
490 0 |a Délmagyarország  |v 10 No. 249 
695 |a Gyászjelentés Szeged 1934